[Event "28th European Club Cup"]
[Site "Eilat ISR"]
[Date "2012.10.16"]
[EventDate "2012.10.11"]
[Round "6"]
[Result "1-0"]
[White "Maxim Rodshtein"]
[Black "Christian Bauer"]
[WhiteElo "2616"]
[BlackElo "2664"]
[PlyCount "79"]

1. d4 d5 2. c4 dxc4 3. e4 Nf6 4. e5 Nd5 5. Bxc4 Nc6 6. Ne2 Bf5
7. O-O e6 8. Nbc3 Nb6 9. Bb3 Qd7 10. Be3 O-O-O 11. a3 Qe8
12. Qc1 Kb8 13. Rd1 f6 14. exf6 gxf6 15. Bf4 Bd6 16. Nb5 Rg8
17. Ng3 Qg6 18. d5 exd5 19. Bxd6 cxd6 20. Bxd5 Nxd5 21. Rxd5
Bd3 22. Nxd6 Ne7 23. Rd4 Nc6 24. Qf4 Ka8 25. Rd5 Ne5 26. Qb4
Ba6 27. Nb5 Bxb5 28. Qxb5 a6 29. Rxd8+ Rxd8 30. Qb6 Rc8 31. h3
h5 32. Rd1 Nc4 33. Qe6 Rc6 34. Qe2 h4 35. Nf1 Ka7 36. Rd4 Ne5
37. Rxh4 Rb6 38. b4 Qg5 39. Rd4 Nc6 40. Rg4 1-0

[Event "28th European Club Cup"]
[Site "Eilat ISR"]
[Date "2012.10.17"]
[EventDate "2012.10.11"]
[Round "7"]
[Result "1/2-1/2"]
[White "Maxim Rodshtein"]
[Black "Yannick Pelletier"]
[WhiteElo "2616"]
[BlackElo "2601"]
[PlyCount "66"]

1. d4 Nf6 2. c4 e6 3. Nf3 d5 4. g3 Be7 5. Bg2 O-O 6. O-O dxc4
7. Qc2 a6 8. Qxc4 b5 9. Qc2 Bb7 10. Bd2 Be4 11. Qc1 c5
12. dxc5 Nbd7 13. b4 a5 14. Rd1 axb4 15. Bxb4 Rc8 16. Nc3 Bxf3
17. Bxf3 Bxc5 18. Qb2 Bxb4 19. Qxb4 Rc4 20. Qb2 Qa5 21. Ne4
Nxe4 22. Bxe4 Rxe4 23. Rxd7 Ra4 24. Qe5 Rxa2 25. Rxa2 Qxa2
26. Qxb5 h6 27. Qd3 Rb8 28. Rd8+ Rxd8 29. Qxd8+ Kh7 30. Qd3+
Kg8 31. Qd8+ Kh7 32. Qd3+ Kg8 33. Qd8+ Kh7 1/2-1/2

[Event "29th Cappelle-la-Grande"]
[Site "Cappelle la Grande FRA"]
[Date "2013.02.23"]
[EventDate "2013.02.23"]
[Round "1.9"]
[Result "0-1"]
[White "Nico Georgiadis"]
[Black "Maxim Rodshtein"]
[WhiteElo "2380"]
[BlackElo "2616"]
[PlyCount "62"]

1. e4 e6 2. d4 d5 3. Nc3 Bb4 4. e5 c5 5. a3 Bxc3+ 6. bxc3 Qc7
7. Nf3 Ne7 8. Bd3 b6 9. a4 Nbc6 10. O-O h6 11. h4 O-O 12. h5
f5 13. exf6 Rxf6 14. Re1 Bd7 15. Ne5 Nxe5 16. dxe5 Rff8
17. Qg4 Kh8 18. c4 dxc4 19. Bxc4 Nf5 20. Bb2 Rae8 21. Red1 Bc6
22. Rd3 Qf7 23. f3 Rd8 24. Bc3 Rxd3 25. Bxd3 Rd8 26. Re1 Ne7
27. Re2 Kg8 28. Bd2 Rd4 29. Qg3 Qxh5 30. a5 c4 31. Be4 Bxe4
0-1

[Event "29th Cappelle-la-Grande"]
[Site "Cappelle la Grande FRA"]
[Date "2013.02.24"]
[EventDate "2013.02.23"]
[Round "2.5"]
[Result "1-0"]
[White "Maxim Rodshtein"]
[Black "Eduard Andreev"]
[WhiteElo "2616"]
[BlackElo "2514"]
[PlyCount "97"]

1. d4 Nf6 2. c4 e6 3. Nf3 Bb4+ 4. Nbd2 O-O 5. a3 Be7 6. e4 d5
7. e5 Nfd7 8. Bd3 c5 9. h4 h6 10. Bb1 cxd4 11. cxd5 exd5
12. Qc2 f5 13. Nb3 Nc6 14. Bf4 Qb6 15. Ba2 Re8 16. O-O Nf8
17. Rad1 Ne6 18. Qd2 Bd7 19. Nbxd4 Ncxd4 20. Nxd4 Nxd4
21. Qxd4 Qxd4 22. Rxd4 Be6 23. Rc1 Rac8 24. Rxc8 Rxc8 25. Bxd5
Kf7 26. Bxb7 Rb8 27. Bf3 Rxb2 28. Ra4 g5 29. hxg5 hxg5 30. Be3
f4 31. Bh5+ Kf8 32. Bd4 Rd2 33. Bxa7 Ra2 34. Ra6 Rxa3 35. Rxe6
Rxa7 36. Kh2 Ra1 37. Bf3 Bc5 38. Kh3 Re1 39. Kg4 Bxf2 40. Kxg5
Bg3 41. Kf6 Rh1 42. Kg6 Rh8 43. Bd5 Rg8+ 44. Kf5 Rg7 45. Rf6+
Ke8 46. Rh6 Rc7 47. Ke6 Re7+ 48. Kf6 Kd8 49. Bc6 1-0

[Event "29th Cappelle-la-Grande"]
[Site "Cappelle la Grande FRA"]
[Date "2013.02.25"]
[EventDate "2013.02.23"]
[Round "3.2"]
[Result "1/2-1/2"]
[White "Aleksandr Alekseevich Kharitonov"]
[Black "Maxim Rodshtein"]
[WhiteElo "2536"]
[BlackElo "2616"]
[PlyCount "41"]

1. d4 Nf6 2. c4 g6 3. g3 c6 4. Bg2 d5 5. cxd5 cxd5 6. Nf3 Bg7
7. Ne5 O-O 8. Nc3 e6 9. O-O Nfd7 10. f4 Nc6 11. Be3 Nb6 12. b3
Bd7 13. Rc1 Be8 14. Bf2 Ne7 15. g4 Nbc8 16. e3 Nd6 17. Bh4 f6
18. Nd3 Rc8 19. Rf2 b6 20. Rfc2 h6 21. Bg3 1/2-1/2

[Event "29th Cappelle-la-Grande"]
[Site "Cappelle la Grande FRA"]
[Date "2013.02.25"]
[EventDate "2013.02.23"]
[Round "4.5"]
[Result "1-0"]
[White "Maxim Rodshtein"]
[Black "Marius Manolache"]
[WhiteElo "2616"]
[BlackElo "2533"]
[PlyCount "81"]

1. d4 Nf6 2. c4 g6 3. Nc3 Bg7 4. e4 d6 5. h3 O-O 6. Nf3 c6
7. Be3 Na6 8. Be2 e5 9. dxe5 dxe5 10. c5 Qa5 11. Nd2 Rd8
12. a3 Be6 13. O-O Rd7 14. Qc2 Qd8 15. Rfd1 Nc7 16. Nc4 Nh5
17. Na5 Nf4 18. Bf1 Rb8 19. Rxd7 Bxd7 20. Rd1 Nce6 21. Qa4 Bf8
22. Nc4 Bxc5 23. Bxc5 Nxc5 24. Qxa7 b6 25. Nxe5 Rb7 26. Rxd7
Nxd7 27. Qxb7 Nxe5 28. Na4 Kg7 29. Qxb6 Qd1 30. Qe3 Nxh3+
31. Qxh3 Qxa4 32. Qe3 Qd1 33. b3 Qa1 34. a4 h5 35. g3 Ng4
36. Qc5 Qa2 37. a5 Qxb3 38. a6 Qa4 39. f3 Nf6 40. Qc3 g5
41. Qe5 1-0

[Event "29th Cappelle-la-Grande"]
[Site "Cappelle la Grande FRA"]
[Date "2013.02.26"]
[EventDate "2013.02.23"]
[Round "5.1"]
[Result "1/2-1/2"]
[White "Aleksandar Kovacevic"]
[Black "Maxim Rodshtein"]
[WhiteElo "2563"]
[BlackElo "2616"]
[PlyCount "48"]

1. e4 c6 2. Nc3 d5 3. Nf3 Bg4 4. h3 Bxf3 5. Qxf3 e6 6. d4 Nf6
7. Bd3 dxe4 8. Nxe4 Nxe4 9. Qxe4 Nd7 10. c3 Nf6 11. Qe2 Be7
12. O-O O-O 13. Bd2 Qb6 14. Rab1 Rfd8 15. b4 Qc7 16. Qf3 b5
17. Bf4 Qd7 18. Be5 Nd5 19. c4 Nxb4 20. Be4 f5 21. Qg3 g6
22. Bf3 bxc4 23. Rfc1 Nd5 24. Rxc4 Bd6 1/2-1/2

[Event "29th Cappelle-la-Grande"]
[Site "Cappelle la Grande FRA"]
[Date "2013.02.27"]
[EventDate "2013.02.23"]
[Round "6.5"]
[Result "1-0"]
[White "Maxim Rodshtein"]
[Black "Vereslav Eingorn"]
[WhiteElo "2616"]
[BlackElo "2547"]
[PlyCount "77"]

1. d4 e6 2. c4 Bb4+ 3. Nd2 Nf6 4. Nf3 O-O 5. a3 Be7 6. e4 d6
7. Bd3 a5 8. O-O e5 9. b3 exd4 10. Nxd4 Nfd7 11. Rb1 Bf6
12. Ne2 Nc6 13. Nf4 g6 14. Nd5 Bg7 15. Bc2 Nd4 16. Nf3 Nxc2
17. Qxc2 c6 18. Nc3 Re8 19. Bg5 Qc7 20. Rfd1 Ne5 21. Nd4 h6
22. Bh4 Qb6 23. h3 Qc5 24. Na4 Qa7 25. Kh1 Nd7 26. Ne2 Nb6
27. Nxb6 Qxb6 28. Bg3 Qc5 29. Nc3 Be5 30. Na4 Qxa3 31. f4 Bg7
32. f5 Be5 33. Bxe5 dxe5 34. c5 Qb4 35. Nb6 Rb8 36. Ra1 gxf5
37. Ra4 Qb5 38. exf5 e4 39. Rxe4 1-0

[Event "29th Cappelle-la-Grande"]
[Site "Cappelle la Grande FRA"]
[Date "2013.02.28"]
[EventDate "2013.02.23"]
[Round "7.3"]
[Result "1/2-1/2"]
[White "Nikola Djukic"]
[Black "Maxim Rodshtein"]
[WhiteElo "2538"]
[BlackElo "2616"]
[PlyCount "52"]

1. e4 c6 2. Nc3 d5 3. Nf3 Bg4 4. h3 Bxf3 5. Qxf3 e6 6. a3 Nd7
7. d3 Bc5 8. g3 Ne7 9. Bg2 O-O 10. O-O f5 11. exd5 exd5
12. Ne2 Ng6 13. d4 Bd6 14. Nf4 Nxf4 15. Bxf4 Qc7 16. Bxd6 Qxd6
17. Rfe1 f4 18. Re2 Rae8 19. Rae1 Rxe2 20. Rxe2 fxg3 21. Qxg3
Rf4 22. Re6 Qxe6 23. Qxf4 Nf8 24. Qb8 Qe1+ 25. Bf1 Qe7 26. c4
Qg5+ 1/2-1/2

[Event "29th Cappelle-la-Grande"]
[Site "Cappelle la Grande FRA"]
[Date "2013.03.01"]
[EventDate "2013.02.23"]
[Round "8.4"]
[Result "1-0"]
[White "Maxim Rodshtein"]
[Black "Karen H Grigoryan"]
[WhiteElo "2616"]
[BlackElo "2531"]
[PlyCount "51"]

1. d4 d6 2. Nf3 Bg4 3. c4 Bxf3 4. exf3 c6 5. Nc3 g6 6. Be3 Bg7
7. h4 Nf6 8. g4 Qa5 9. Qb3 O-O 10. h5 Na6 11. hxg6 hxg6
12. O-O-O Rab8 13. g5 Nh5 14. Bd3 c5 15. Nd5 Rfe8 16. Bd2 Nb4
17. Kb1 Qd8 18. Nxb4 cxb4 19. Qc2 Rf8 20. Rxh5 gxh5 21. Bh7+
Kh8 22. Rh1 Bxd4 23. Rxh5 Kg7 24. g6 f5 25. Bh6+ Kh8 26. Qd2
1-0

[Event "29th Cappelle-la-Grande"]
[Site "Cappelle la Grande FRA"]
[Date "2013.03.02"]
[EventDate "2013.02.23"]
[Round "9.3"]
[Result "1/2-1/2"]
[White "Maxim Rodshtein"]
[Black "Tigran Gharamian"]
[WhiteElo "2616"]
[BlackElo "2661"]
[PlyCount "40"]

1. d4 Nf6 2. c4 e6 3. Nf3 Bb4+ 4. Nbd2 O-O 5. a3 Be7 6. e4 d6
7. Bd3 e5 8. b4 exd4 9. Nxd4 Nfd7 10. Rb1 a5 11. O-O Bf6
12. Nc2 axb4 13. axb4 Nc6 14. Ne3 Nb6 15. Nd5 Nxd5 16. cxd5
Ne5 17. Be2 c6 18. dxc6 bxc6 19. Nc4 Nxc4 20. Bxc4 Ba6 1/2-1/2

[Event "European Individual Championships"]
[Site "Legnica POL"]
[Date "2013.05.05"]
[EventDate "2013.05.05"]
[Round "1.48"]
[Result "1-0"]
[White "Maxim Rodshtein"]
[Black "Georgios Goumas"]
[WhiteElo "2638"]
[BlackElo "2410"]
[PlyCount "51"]

1. d4 Nf6 2. c4 e6 3. Nc3 Bb4 4. Nf3 O-O 5. e3 d5 6. Bd3 c5
7. O-O cxd4 8. exd4 dxc4 9. Bxc4 Nc6 10. Bg5 b6 11. a3 Be7
12. Qd3 Bb7 13. Rad1 Nd5 14. Bxd5 exd5 15. Bxe7 Nxe7 16. Rfe1
Bc8 17. Ng5 Ng6 18. Qg3 h6 19. Nf3 Ne7 20. Ne5 Be6 21. Nd3 Ng6
22. Rxe6 fxe6 23. Qxg6 Qf6 24. Qg4 h5 25. Qe2 Qxd4 26. Ne5 1-0

[Event "European Individual Championships"]
[Site "Legnica POL"]
[Date "2013.05.08"]
[EventDate "2013.05.05"]
[Round "4.63"]
[Result "0-1"]
[White "Valery Neverov"]
[Black "Maxim Rodshtein"]
[WhiteElo "2489"]
[BlackElo "2638"]
[PlyCount "140"]

1. d4 d5 2. c4 c6 3. Nf3 Nf6 4. Qc2 dxc4 5. Qxc4 Bg4 6. Nbd2
Nbd7 7. g3 e6 8. Bg2 Be7 9. O-O Bh5 10. Qb3 Qb6 11. Nc4 Qa6
12. Bg5 O-O 13. Rfc1 h6 14. Bxf6 Bxf6 15. e3 Rab8 16. a4 Rfd8
17. Qa3 Bxf3 18. Bxf3 Nb6 19. Qb3 Nxc4 20. Rxc4 e5 21. Rd1
exd4 22. exd4 Qa5 23. Rc5 Qc7 24. d5 Be7 25. Rc2 c5 26. Qc4 a6
27. Re1 b5 28. axb5 axb5 29. Qg4 Bf8 30. h4 Qd6 31. h5 Qf6
32. Kg2 c4 33. Re3 Ra8 34. Be4 Bd6 35. b3 cxb3 36. Rxb3 b4
37. Rc6 Ra3 38. Bc2 Qe5 39. Rc8 Rxc8 40. Qxc8+ Bf8 41. Rxa3
bxa3 42. Qa8 Qd4 43. d6 Qxd6 44. Qe4 g6 45. hxg6 Qxg6
46. Qxg6+ fxg6 47. Bb3+ Kg7 48. f4 Bd6 49. Kf3 h5 50. Ba2 Bb4
51. Ke2 Kf6 52. Kf2 Ke7 53. Ke2 Bc5 54. Kf3 Bd4 55. Bb1 Kd6
56. Ba2 Bc3 57. Ke2 Kc5 58. Bf7 Kd6 59. Ba2 Bd4 60. Bf7 Bb6
61. Ba2 Ba7 62. Bf7 Bd4 63. Ba2 Kc5 64. Bf7 Kb4 65. Kd3 Bf2
66. Kc2 Bxg3 67. Bxg6 h4 68. Bf5 Bxf4 69. Be6 Be5 70. Bc8 a2
0-1

[Event "European Individual Championships"]
[Site "Legnica POL"]
[Date "2013.05.11"]
[EventDate "2013.05.05"]
[Round "7.28"]
[Result "1-0"]
[White "Maxim Rodshtein"]
[Black "Andrey Zontakh"]
[WhiteElo "2638"]
[BlackElo "2521"]
[PlyCount "83"]

1. d4 Nf6 2. c4 e6 3. Nc3 Bb4 4. e3 O-O 5. Ne2 c6 6. a3 Ba5
7. b4 Bc7 8. Bb2 d5 9. Ng3 Nbd7 10. Qc2 a5 11. b5 e5 12. Rd1
exd4 13. Rxd4 Be5 14. Rd1 Qc7 15. Be2 dxc4 16. bxc6 Qxc6
17. O-O Nb6 18. Nd5 Nfxd5 19. Bxe5 Be6 20. e4 Ne7 21. Qc3 Na4
22. Qe3 Qb6 23. Bd4 Qb3 24. Qxb3 cxb3 25. Bb5 Nc6 26. Bxa4 Bc4
27. Bxc6 Bxf1 28. Bd5 Bb5 29. Bxb3 Rfd8 30. Nf5 Rd7 31. f3 Bc6
32. Ne3 b5 33. Nd5 Rb8 34. Rb1 h5 35. Kf2 Kh7 36. Ke3 f5
37. Rc1 Ba8 38. Rc5 fxe4 39. fxe4 a4 40. Bc2 Bxd5 41. exd5+
Kg8 42. Bf5 1-0

[Event "Bundesliga"]
[Site "Munich GER"]
[Date "2013.10.12"]
[EventDate "2013.10.12"]
[Round "1"]
[Result "0-1"]
[White "Kamil Dragun"]
[Black "Maxim Rodshtein"]
[WhiteElo "2547"]
[BlackElo "2664"]
[PlyCount "52"]

1. d4 Nf6 2. c4 g6 3. Nc3 d5 4. Qb3 dxc4 5. Qxc4 Be6 6. Qb5+
Bd7 7. Qb3 c5 8. d5 b5 9. e4 c4 10. Qc2 Na6 11. Nf3 Bg7
12. Be2 O-O 13. O-O Nc5 14. Be3 Rc8 15. Nd4 b4 16. e5 Ng4
17. Bxg4 Bxg4 18. Nc6 Bf5 19. Ne4 Rxc6 20. dxc6 Nxe4 21. Qxc4
Nd2 22. Bxd2 Qxd2 23. a3 a5 24. axb4 axb4 25. Ra7 Bxe5
26. Rxe7 Bxh2+ 0-1

[Event "Bundesliga"]
[Site "Munich GER"]
[Date "2013.10.13"]
[EventDate "2013.10.12"]
[Round "2"]
[Result "1-0"]
[White "Maxim Rodshtein"]
[Black "Konstantin Landa"]
[WhiteElo "2664"]
[BlackElo "2640"]
[PlyCount "51"]

1. e4 c5 2. Nf3 Nc6 3. d4 cxd4 4. Nxd4 Qb6 5. Nb3 Nf6 6. Nc3
e6 7. Qe2 Bb4 8. Bd2 O-O 9. a3 Be7 10. O-O-O d5 11. exd5 Nxd5
12. Nxd5 exd5 13. Be3 Qc7 14. g3 Rd8 15. Bg2 Bf5 16. Rxd5 Rxd5
17. Bxd5 Rc8 18. Bf4 Qb6 19. Re1 h6 20. Be3 Qd8 21. Bxc6 Bxc2
22. Kxc2 Rxc6+ 23. Kb1 Qd5 24. Nd4 Qe4+ 25. Ka1 Ra6 26. Qc2
1-0

[Event "Unive Open"]
[Site "Hoogeveen NED"]
[Date "2013.10.18"]
[EventDate "2013.10.18"]
[Round "1.1"]
[Result "1-0"]
[White "Maxim Rodshtein"]
[Black "Alje Hovenga"]
[WhiteElo "2664"]
[BlackElo "2177"]
[PlyCount "101"]

1. d4 Nf6 2. c4 Nc6 3. Nf3 e6 4. Nc3 Bb4 5. Qc2 O-O 6. a3
Bxc3+ 7. Qxc3 d6 8. g3 Qe7 9. Bg2 e5 10. d5 Nb8 11. O-O Nbd7
12. b4 Nb6 13. Nd2 Bd7 14. Nb3 c6 15. dxc6 Bxc6 16. Bxc6 bxc6
17. Bg5 d5 18. Na5 Rac8 19. f4 Rfe8 20. Rac1 exf4 21. Rxf4
dxc4 22. Bxf6 gxf6 23. Nxc4 Nxc4 24. Rg4+ Kf8 25. Rxc4 Qe3+
26. Qxe3 Rxe3 27. R1c3 Re6 28. Kf2 Ke7 29. Rc5 Kd7 30. Ra5 Rc7
31. Rh5 Re5 32. Rxh7 Ke6 33. Rh4 a5 34. Rhc4 Kd6 35. g4 axb4
36. axb4 Rc8 37. h4 Kd7 38. Rc5 Re4 39. R5c4 Rce8 40. e3 R4e6
41. Kf3 Ra8 42. h5 Ra1 43. Rc1 Ra3 44. Re4 Ra2 45. Rh1 Ra8
46. h6 Ke7 47. h7 Rh8 48. Rh6 Kd7 49. Kf4 Kd6 50. Kf5 Ke7
51. Rxe6+ 1-0

[Event "Bundesliga"]
[Site "Solingen GER"]
[Date "2013.11.23"]
[EventDate "2013.10.12"]
[Round "3"]
[Result "1/2-1/2"]
[White "Predrag Nikolic"]
[Black "Maxim Rodshtein"]
[WhiteElo "2620"]
[BlackElo "2664"]
[PlyCount "45"]

1. d4 Nf6 2. Nf3 g6 3. g3 Bg7 4. Bg2 c5 5. O-O cxd4 6. Nxd4
O-O 7. Nb3 Nc6 8. c4 d6 9. Nc3 Be6 10. c5 d5 11. Bg5 Rc8
12. Bxf6 Bxf6 13. Nxd5 Bxb2 14. Rb1 Bg7 15. e4 Bd7 16. Re1 e6
17. Ne3 Qc7 18. Nc4 Rb8 19. e5 b5 20. cxb6 axb6 21. Rc1 Qa7
22. Nd4 Nxd4 23. Qxd4 1/2-1/2

[Event "Groningen Chess Festival"]
[Site "Groningen NED"]
[Date "2013.12.21"]
[EventDate "2013.12.21"]
[Round "1.1"]
[Result "0-1"]
[White "Mark Lyell"]
[Black "Maxim Rodshtein"]
[WhiteElo "2247"]
[BlackElo "2683"]
[PlyCount "90"]

1. e4 c5 2. Nf3 e6 3. c3 d5 4. e5 d4 5. g3 Ne7 6. Bg2 Nec6
7. O-O Be7 8. d3 dxc3 9. bxc3 O-O 10. h4 b5 11. Qe2 Bb7
12. Nbd2 Nd7 13. Bb2 Nb6 14. Ne4 Qd5 15. Nfg5 Qxe5 16. f4 Qc7
17. c4 Nd4 18. Bxd4 cxd4 19. cxb5 Nd5 20. Rac1 Qb6 21. f5 exf5
22. Rxf5 Ne3 23. Qh5 Bxg5 24. Rxg5 f6 25. Rgc5 Nxg2 26. Kxg2
Rae8 27. Kf2 Qe6 28. R1c2 f5 29. Qxh7+ Kxh7 30. Ng5+ Kg6
31. Nxe6 Rxe6 32. Rc7 Rf7 33. h5+ Kf6 34. Rxf7+ Kxf7 35. Rc4
a6 36. bxa6 Bxa6 37. Rxd4 Kf6 38. g4 fxg4 39. Kg3 Re3+
40. Kxg4 Bc8+ 41. Kf4 Rh3 42. Rd8 Be6 43. d4 Rxh5 44. Rf8+ Bf7
45. Ra8 g5+ 0-1

[Event "Groningen Chess Festival"]
[Site "Groningen NED"]
[Date "2013.12.23"]
[EventDate "2013.12.21"]
[Round "3.1"]
[Result "1/2-1/2"]
[White "Andrey Stukopin"]
[Black "Maxim Rodshtein"]
[WhiteElo "2509"]
[BlackElo "2683"]
[PlyCount "103"]

1. e4 e5 2. Bc4 Nf6 3. d3 c6 4. Nf3 d5 5. Bb3 Bb4+ 6. Bd2
Bxd2+ 7. Qxd2 a5 8. a4 Qd6 9. Qg5 Nbd7 10. exd5 cxd5 11. d4
O-O 12. O-O e4 13. Nh4 Nb6 14. Nf5 Bxf5 15. Qxf5 Nc8 16. Nc3
Ne7 17. Qe5 Qd7 18. f3 Nc6 19. Qg5 Nxd4 20. fxe4 Nxb3 21. cxb3
Nxe4 22. Qxd5 Qxd5 23. Nxd5 Nd2 24. Rf5 Nxb3 25. Ne7+ Kh8
26. Raf1 Nd2 27. R1f4 g6 28. Rd5 Rfd8 29. Rxf7 Nc4 30. h4 Ne3
31. Rb5 Rd2 32. h5 Rad8 33. Rg5 gxh5 34. Kh2 Ng4+ 35. Kh3 Nh6
36. Rf6 Ng8 37. Rxg8+ Rxg8 38. Nxg8 Kxg8 39. Rb6 Rd3+ 40. g3
Rd7 41. b3 Kg7 42. Kh4 Rd3 43. Rxb7+ Kg6 44. Rb6+ Kg7 45. Rb5
h6 46. Rxh5 Rxb3 47. Rxa5 Ra3 48. Ra6 Kf7 49. a5 h5 50. Ra8
Kg7 51. a6 Kg6 52. a7 1/2-1/2

[Event "Groningen Chess Festival"]
[Site "Groningen NED"]
[Date "2013.12.26"]
[EventDate "2013.12.21"]
[Round "5.1"]
[Result "1-0"]
[White "Peter Michalik"]
[Black "Maxim Rodshtein"]
[WhiteElo "2577"]
[BlackElo "2683"]
[PlyCount "81"]

1. d4 Nf6 2. c4 g6 3. Nf3 Bg7 4. g3 c5 5. d5 O-O 6. Bg2 e6
7. Nc3 exd5 8. cxd5 d6 9. O-O Re8 10. a4 a6 11. Bf4 h6 12. h3
b6 13. Re1 Ra7 14. Qc1 g5 15. Bd2 Bf5 16. h4 g4 17. Nh2 Kh7
18. e4 Bg6 19. Qd1 h5 20. Bf4 Rae7 21. Nf1 b5 22. axb5 axb5
23. Nxb5 Nxe4 24. Rxe4 Rxe4 25. Bxe4 Rxe4 26. Ra4 Rxa4
27. Qxa4 Nd7 28. Nxd6 Ne5 29. Bxe5 Bxe5 30. Nxf7 Qxd5 31. Ng5+
Kh6 32. Ne3 Qb7 33. Qc4 Qe7 34. Qg8 Bg7 35. Qd5 Bxb2 36. Qc6
Kg7 37. Ne6+ Kh7 38. Nd5 Qe8 39. Qb7+ Bf7 40. Ndc7 Qe7
41. Qxb2 1-0

[Event "Groningen Chess Festival"]
[Site "Groningen NED"]
[Date "2013.12.27"]
[EventDate "2013.12.21"]
[Round "6.6"]
[Result "1-0"]
[White "Maxim Rodshtein"]
[Black "Davit Lobzhanidze"]
[WhiteElo "2683"]
[BlackElo "2445"]
[PlyCount "153"]

1. c4 e6 2. Nc3 d5 3. d4 Nf6 4. cxd5 exd5 5. Bg5 Be7 6. e3 c6
7. Qc2 O-O 8. Bd3 Nbd7 9. Nge2 Re8 10. O-O Nf8 11. f3 Be6
12. Rad1 Rc8 13. Kh1 a6 14. Nf4 N6d7 15. Nxe6 fxe6 16. Bxe7
Qxe7 17. e4 dxe4 18. Nxe4 Nf6 19. Nc5 a5 20. Rfe1 b6 21. Ne4
Nxe4 22. Rxe4 Qd6 23. Rde1 c5 24. Ba6 Rc7 25. Qa4 Rd8 26. Bc4
Kh8 27. dxc5 Rxc5 28. Bb3 Qd2 29. h3 Rc1 30. Rxc1 Qxc1+
31. Kh2 Qxb2 32. Qb5 Rd2 33. Rg4 Rd6 34. Rf4 Rd8 35. Qg5 Re8
36. Rf7 h6 37. Qb5 Rd8 38. Qxb6 Qd2 39. Qc7 Qd4 40. Qxa5 Qd6+
41. f4 Ng6 42. Qc3 e5 43. f5 Nf4 44. Qc7 Qxc7 45. Rxc7 h5
46. h4 Ne2 47. Re7 Nd4 48. Rxe5 Nxb3 49. axb3 Rb8 50. Re3 Kg8
51. Kg1 Kf7 52. Kf2 Kf6 53. Rf3 Ke5 54. Ke2 Rb4 55. g3 Rb8
56. Kd2 Rb7 57. Kc2 Rb6 58. Kc3 Rc6+ 59. Kb4 Rc8 60. Rf4 Rc1
61. Rc4 Rg1 62. Rc3 Kxf5 63. Kc5 g5 64. b4 gxh4 65. gxh4 Ke6
66. Re3+ Kf5 67. Rd3 Rc1+ 68. Kd5 Rh1 69. Rd4 Rb1 70. Rc4 Rd1+
71. Kc5 Ke6 72. b5 Rd5+ 73. Kb6 Kd7 74. Ka6 Re5 75. b6 Re1
76. Rc5 Ra1+ 77. Kb7 1-0

[Event "Groningen Chess Festival"]
[Site "Groningen NED"]
[Date "2013.12.28"]
[EventDate "2013.12.21"]
[Round "7.4"]
[Result "1/2-1/2"]
[White "Zurab Javakhadze"]
[Black "Maxim Rodshtein"]
[WhiteElo "2451"]
[BlackElo "2683"]
[PlyCount "105"]

1. Nf3 d5 2. g3 c6 3. Bg2 Bf5 4. O-O e6 5. d3 Nf6 6. c4 dxc4
7. dxc4 Nbd7 8. Nc3 h6 9. b3 Qc7 10. Bd2 Rd8 11. Qc1 e5 12. h3
Be7 13. Be3 O-O 14. Rd1 Rfe8 15. Qb2 e4 16. Nd4 Bg6 17. b4 Ne5
18. Qb3 h5 19. Bg5 Qc8 20. c5 Nh7 21. Bf4 Bf6 22. Nxe4 Bxe4
23. Bxe4 Qxh3 24. Bg2 Qg4 25. b5 Ng6 26. Bf3 Qh3 27. Bd6 Ng5
28. bxc6 Nxf3+ 29. Qxf3 Ne5 30. Bxe5 Bxe5 31. e3 bxc6 32. Nxc6
Rc8 33. Rac1 h4 34. Nxe5 Rxe5 35. c6 hxg3 36. Qxg3 Qh5 37. c7
Rxc7 38. Rd8+ Kh7 39. Rxc7 Rg5 40. Rdd7 Rxg3+ 41. fxg3 Qf3
42. Rxf7 Qxg3+ 43. Kf1 Qxe3 44. Rxg7+ Kh6 45. Rh7+ Kg6
46. Rhg7+ Kh6 47. Rgd7 a5 48. Rc6+ Kg5 49. Rd5+ Kg4 50. Rg6+
Kf4 51. Rgd6 Qf3+ 52. Ke1 Qh1+ 53. Kd2 1/2-1/2

[Event "Groningen Chess Festival"]
[Site "Groningen NED"]
[Date "2013.12.29"]
[EventDate "2013.12.21"]
[Round "8.4"]
[Result "1/2-1/2"]
[White "Maxim Rodshtein"]
[Black "David Klein"]
[WhiteElo "2683"]
[BlackElo "2491"]
[PlyCount "67"]

1. e4 e5 2. Nf3 Nc6 3. Bb5 Nf6 4. d3 Bc5 5. c3 O-O 6. O-O Re8
7. Bg5 h6 8. Bh4 a6 9. Ba4 b5 10. Bb3 Be7 11. Re1 d6 12. a4
Bd7 13. Nbd2 Na5 14. Bc2 c5 15. axb5 axb5 16. Nf1 Nc6 17. Bb3
Rxa1 18. Qxa1 Na5 19. Bc2 Nc6 20. Bxf6 Bxf6 21. Ne3 Be6
22. Qa6 Qc7 23. Qxb5 Rb8 24. Qa4 Rxb2 25. Nd5 Qb7 26. Nd2 Bd7
27. Rb1 Rxb1+ 28. Bxb1 Bg5 29. Qb3 Qxb3 30. Nxb3 Be6 31. g3
Bxd5 32. exd5 Ne7 33. h4 Bf6 34. c4 1/2-1/2

[Event "Groningen Chess Festival"]
[Site "Groningen NED"]
[Date "2013.12.30"]
[EventDate "2013.12.21"]
[Round "9.4"]
[Result "0-1"]
[White "Viacheslav Zakhartsov"]
[Black "Maxim Rodshtein"]
[WhiteElo "2555"]
[BlackElo "2683"]
[PlyCount "98"]

1. d4 e6 2. c4 b6 3. e4 Bb7 4. Bd3 Bb4+ 5. Bd2 Bxd2+ 6. Nxd2
Qf6 7. Ngf3 Nc6 8. e5 Qf4 9. g3 Qh6 10. O-O f6 11. Re1 O-O-O
12. a3 Nge7 13. b4 fxe5 14. dxe5 Rhf8 15. Be4 g5 16. Nb3 Ng6
17. b5 Nce7 18. Bxb7+ Kxb7 19. Qe2 Qh5 20. Qe4+ Kb8 21. Nfd4
Nf4 22. gxf4 Rxf4 23. Qe2 g4 24. Ra2 Ng6 25. Kh1 Rdf8 26. Qe3
Nh4 27. Rg1 Nf3 28. Rg2 Nxe5 29. Rc2 Rf3 30. Qe1 Rh3 31. Qg1
Rf6 32. a4 Rh6 33. a5 Qf7 34. f4 Rf6 35. fxe5 Rf1 36. Rcf2
Rxg1+ 37. Kxg1 Qg7 38. Rf4 g3 39. Nf3 bxa5 40. Nxa5 a6 41. Kf1
Qg6 42. Rxg3 Rxg3 43. hxg3 Qb1+ 44. Kg2 Qa2+ 45. Kh3 axb5
46. cxb5 Qxa5 47. Rf7 Qxb5 48. Rxh7 Qd3 49. Rf7 c5 0-1

[Event "Bundesliga"]
[Site "Bremen GER"]
[Date "2013.12.14"]
[EventDate "2013.10.12"]
[Round "5"]
[Result "1-0"]
[White "Maxim Rodshtein"]
[Black "Romain Edouard"]
[WhiteElo "2664"]
[BlackElo "2657"]
[PlyCount "73"]

1. e4 e6 2. d4 d5 3. Nd2 c5 4. Ngf3 cxd4 5. exd5 Qxd5 6. Bc4
Qd7 7. O-O Nc6 8. Nb3 Nf6 9. Qe2 a6 10. a4 Bd6 11. Rd1 e5
12. Nbxd4 O-O 13. Nxc6 Qxc6 14. Bg5 Bc7 15. h3 e4 16. Nd2 Bf5
17. Nf1 Bg6 18. Ne3 Bh5 19. g4 Bg6 20. Bb3 Rac8 21. Rd2 Bb8
22. Rad1 Kh8 23. Bh4 b5 24. axb5 axb5 25. Bg3 h6 26. Kg2 Bxg3
27. fxg3 Rb8 28. h4 Qc5 29. Qf2 Qe5 30. Rd4 h5 31. g5 Nh7
32. Qf4 Qe8 33. Rd7 f6 34. Qd6 Ra8 35. Rd5 Qb8 36. Qe7 Rg8
37. R5d6 1-0

[Event "Bundesliga"]
[Site "Bremen GER"]
[Date "2013.12.15"]
[EventDate "2013.10.12"]
[Round "6"]
[Result "1/2-1/2"]
[White "Lubomir Ftacnik"]
[Black "Maxim Rodshtein"]
[WhiteElo "2546"]
[BlackElo "2664"]
[PlyCount "83"]

1. d4 Nf6 2. c4 g6 3. Nc3 d5 4. cxd5 Nxd5 5. e4 Nxc3 6. bxc3
Bg7 7. Nf3 c5 8. Bb5+ Nc6 9. O-O O-O 10. Be3 Bg4 11. d5 Ne5
12. Be2 Nxf3+ 13. Bxf3 Bxf3 14. Qxf3 Qa5 15. Rac1 b6 16. Rc2
Qa4 17. Rfc1 Qc4 18. Bg5 f6 19. Bf4 e5 20. Bg3 f5 21. exf5
Rxf5 22. Qe2 Qxd5 23. Rd1 Qe6 24. Rcd2 Rf7 25. Rd6 Qf5 26. Qc4
Re8 27. Rd7 Qe6 28. Qa4 Rxd7 29. Rxd7 a6 30. Ra7 Rd8 31. Rxa6
b5 32. Rxe6 bxa4 33. Kf1 Rd2 34. Bxe5 Rxa2 35. Bxg7 Kxg7
36. Ra6 a3 37. h4 h6 38. g3 Kf7 39. Kg2 Ra1 40. c4 a2 41. Kf3
Ke7 42. Kf4 1/2-1/2